| 000 | 00801cam a2200229 4500 | ||
|---|---|---|---|
| 001 | sa 68019524 | ||
| 003 | DLC | ||
| 005 | 20260227112718.0 | ||
| 008 | 720211s1967 ce b 00000 eng | ||
| 010 | _asa 68019524 //r84 | ||
| 025 | _aPL480:C-308 | ||
| 043 | _aa-ce--- | ||
| 050 | 0 |
_aLB2948.3 _b.A77 |
|
| 082 | _a658/.91/3710095493 | ||
| 100 | 1 | 0 |
_aAlles, Jinapala, _d1923- |
| 245 | 1 | 0 |
_aNotes on structural and functional aspects of an educational system relevant to educational administration; _bworking paper. |
| 260 | 0 |
_aColombo, _bDivision of Secondary Education, Ministry of Education, Ceylon, _c1967. |
|
| 300 |
_a35, [1] p. _c24 cm. |
||
| 504 | _aBibliography: p. [36] | ||
| 650 | 0 |
_aSchool management and organization _zSri Lanka. |
|
| 710 | 1 | 0 |
_aCeylon. _bDvitīyaka Adhyāpana Aṃśaya. |
| 999 |
_c88943 _d88943 |
||